Canadian cities - Statistics

General Stats
  • This quiz has been taken 22 times
  • The average score is 11 of 12
Answer Stats
Picture Hint Answer % Correct
1.0m, ON Ottawa
100%
1.1m, AL Edmonton
94%
3.6m, QU Montreal
94%
5.6m, ON Toronto
94%
2.4m, BC Vancouver
94%
758k, MA Winnipeg
94%
1.3m, AL Calgary
89%
733k, QU Quebec City
89%
348k, NS Halifax
83%
224k, SK Regina
83%
264k, SK Saskatoon
83%
185k, NL St John’s
83%
No matching quizzes found
Score Distribution
Percent of People with Each Score
Percentile by Number Answered
Your Score History
You have not taken this quiz